[Event "SR 2. liga A 2014/2015"]
[Site "?"]
[Date "2014.12.07"]
[Round "6.4"]
[White "Lanc, Alois"]
[Black "Jozefek, Michal"]
[Result "0-1"]
[WhiteElo "2344"]
[BlackElo "2064"]
[PlyCount "84"]
[EventDate "2014.??.??"]

1. e4 c5 2. Nf3 d6 3. d4 cxd4 4. Nxd4 Nf6 5. Nc3 Nc6 6. Bg5 e6 7. Qd2 a6 8.
O-O-O Bd7 9. f3 Be7 10. Kb1 b5 11. Nxc6 Bxc6 12. h4 h6 13. Bxf6 gxf6 14. Ne2
Qb6 15. Nd4 Bd7 16. f4 Qc5 17. Be2 a5 18. Bf3 Ra7 19. f5 e5 20. Ne2 b4 21. Nc1
Bc6 22. Rhe1 Qb6 23. Re3 Kd7 24. Be2 Rg8 25. g3 Kc8 26. Bc4 Bf8 27. Qe2 Rc7 28.
Re1 Kb8 29. c3 Bb7 30. cxb4 axb4 31. b3 d5 32. exd5 Bc5 33. Rd3 Bd4 34. Red1
Qc5 35. Qe4 h5 36. Rxd4 Rg4 37. Qxg4 hxg4 38. Rxg4 Qf2 39. Rf1 Qd2 40. Rg8+ Ka7
41. Rd8 Ba6 42. d6 Rxc4 0-1

[Event "SR 2. liga A 2014/2015"]
[Site "?"]
[Date "2014.12.07"]
[Round "6.4"]
[White "Spacek, Oliver"]
[Black "Sekera, Branislav"]
[Result "1-0"]
[WhiteElo "2011"]
[BlackElo "2207"]
[PlyCount "67"]
[EventDate "2014.??.??"]

1. d4 Nf6 2. Nf3 d5 3. c4 e6 4. g3 c6 5. Bg2 Be7 6. O-O Nbd7 7. Qc2 O-O 8. Nbd2
b6 9. e4 Bb7 10. e5 Ne8 11. cxd5 exd5 12. Nb3 Nc7 13. Be3 Ne6 14. h4 Rc8 15.
Rac1 Ba8 16. Bh3 h6 17. Bf5 Re8 18. Bxe6 fxe6 19. Bxh6 Rf8 20. Qg6 Rf7 21. Ng5
Bxg5 22. Bxg5 Qe8 23. f4 a5 24. g4 c5 25. Rf2 a4 26. Nd2 Nf8 27. Qd3 Rfc7 28.
f5 exf5 29. gxf5 Bb7 30. e6 Nh7 31. Bf4 Rc6 32. Be5 R6c7 33. Qg3 Qd8 34. f6 1-0

[Event "SR 2. liga A 2014/2015"]
[Site "?"]
[Date "2014.12.07"]
[Round "6.4"]
[White "Kavon, Rastislav"]
[Black "Gasa, Patrik"]
[Result "1-0"]
[WhiteElo "2153"]
[BlackElo "2074"]
[PlyCount "53"]
[EventDate "2014.??.??"]

1. e4 c5 2. Nf3 Nc6 3. d4 cxd4 4. Nxd4 e6 5. Nc3 Qc7 6. Be2 a6 7. O-O Nf6 8.
Kh1 Nxd4 9. Qxd4 Bc5 10. Qd3 O-O 11. f4 b5 12. e5 Ne8 13. Bf3 Bb7 14. Ne4 Be7
15. Be3 d6 16. Bd4 Rd8 17. Qe3 Rd7 18. c3 Qc8 19. Rad1 dxe5 20. fxe5 Qa8 21.
Rd2 Nc7 22. Nf6+ Bxf6 23. exf6 Bxf3 24. Rxf3 Rfd8 25. Rg3 g6 26. Qh6 Ne8 27.
Rh3 1-0

[Event "SR 2. liga A 2014/2015"]
[Site "?"]
[Date "2014.12.07"]
[Round "6.4"]
[White "Jablonicky, Martin"]
[Black "Lukac, Tomas"]
[Result "1-0"]
[WhiteElo "1949"]
[BlackElo "2049"]
[PlyCount "47"]
[EventDate "2014.??.??"]

1. e4 e5 2. Nf3 Nc6 3. Bb5 a6 4. Ba4 Nf6 5. O-O Be7 6. c3 b5 7. Bc2 O-O 8. d4
d6 9. h3 Bb7 10. Re1 Re8 11. Nbd2 Bf8 12. Nf1 exd4 13. cxd4 Nb4 14. d5 c6 15.
Bb3 Nxe4 16. dxc6 Nxc6 17. Bxf7+ Kh8 18. Bxe8 Qxe8 19. Ng5 Qg6 20. Rxe4 Ne5 21.
Rxe5 dxe5 22. Qd7 Rb8 23. Qc7 Bd6 24. Qxd6 1-0

[Event "SR 2. liga A 2014/2015"]
[Site "?"]
[Date "2014.12.07"]
[Round "6.4"]
[White "Bango, Lukas"]
[Black "Polasek, Filip"]
[Result "1-0"]
[WhiteElo "1917"]
[BlackElo "2122"]
[PlyCount "71"]
[EventDate "2014.??.??"]

1. c4 e6 2. d4 d5 3. Nc3 Nf6 4. Nf3 Nbd7 5. Bg5 Be7 6. e3 O-O 7. Bd3 dxc4 8.
Bxc4 b6 9. O-O Bb7 10. Qe2 c5 11. Rfd1 Rc8 12. Bb5 Nd5 13. Bxe7 Qxe7 14. Nxd5
exd5 15. Rac1 Nf6 16. b3 Rfd8 17. Qb2 Ne4 18. Qa3 Ba8 19. Rc2 f6 20. Nd2 Rc7
21. Nxe4 Qxe4 22. Bd3 Qg4 23. Be2 Qg6 24. Rdc1 c4 25. Qb4 Rdc8 26. Bf1 f5 27.
bxc4 f4 28. exf4 dxc4 29. Rxc4 Rxc4 30. Rxc4 Re8 31. Qc3 Qe6 32. Rc7 Bd5 33.
Qg3 Re7 34. f5 Qf6 35. Rc8+ Kf7 36. Qb8 1-0

[Event "SR 2. liga A 2014/2015"]
[Site "?"]
[Date "2014.12.07"]
[Round "6.4"]
[White "Diviak, Rastislav"]
[Black "Jakubec, Milan"]
[Result "1-0"]
[WhiteElo "2001"]
[BlackElo "2102"]
[PlyCount "89"]
[EventDate "2014.??.??"]

1. e4 e5 2. Nf3 Nc6 3. Bb5 a6 4. Ba4 d6 5. c3 Nf6 6. d4 b5 7. Bb3 Be7 8. O-O
exd4 9. cxd4 O-O 10. h3 Bb7 11. Re1 h6 12. Nbd2 Re8 13. Nf1 Bf8 14. Ng3 Na5 15.
Bc2 c5 16. d5 Nc4 17. b3 Ne5 18. Nxe5 dxe5 19. Be3 g6 20. Bd3 Rc8 21. Qe2 Qd6
22. a4 b4 23. Rac1 Rc7 24. Rc2 Rec8 25. Rec1 a5 26. Qd2 Kh7 27. f4 Nd7 28. Qf2
f6 29. f5 g5 30. Qe2 Bg7 31. Nf1 Nb6 32. Nd2 Bf8 33. Nc4 Nxc4 34. Bxc4 Qb6 35.
Qh5 Rg7 36. Bb5 Bd6 37. Be8 Qa6 38. Bg6+ Kg8 39. Rc4 Qb6 40. Qxh6 Ba6 41. h4
Bxc4 42. hxg5 Be7 43. Kf2 Kf8 44. gxf6 Qxf6 45. Qh8+ 1-0

[Event "SR 2. liga A 2014/2015"]
[Site "?"]
[Date "2014.12.07"]
[Round "6.4"]
[White "Kozinka, Roman"]
[Black "Ocko, Martin"]
[Result "1-0"]
[WhiteElo "2001"]
[BlackElo "1857"]
[PlyCount "113"]
[EventDate "2014.??.??"]

1. e4 c5 2. Nf3 Nc6 3. d4 cxd4 4. Nxd4 g6 5. Nc3 Bg7 6. Be3 Nf6 7. Nxc6 bxc6 8.
Bc4 O-O 9. Bd4 Qa5 10. O-O d6 11. a3 c5 12. Bxf6 Bxf6 13. Nd5 Bxb2 14. Nxe7+
Kg7 15. Rb1 Qc3 16. Qxd6 Qxc4 17. Rxb2 Ba6 18. Re1 Qd4 19. Qxd4+ cxd4 20. Nd5
Rab8 21. Rb4 d3 22. cxd3 Bxd3 23. f3 Rxb4 24. Nxb4 Bb5 25. Rc1 Rd8 26. Nd5 Rd6
27. Rc5 a6 28. Kf2 Rc6 29. Rxc6 Bxc6 30. Ke3 Bb5 31. e5 h5 32. f4 Kf8 33. Kd4
Bf1 34. g3 Ke8 35. Kc5 Kd7 36. a4 Ke6 37. a5 Be2 38. Nf6 Kf5 39. h4 Bb5 40. Kd6
Bc4 41. Ke7 Be6 42. Kf8 Bb3 43. Kg7 Ke6 44. Ne4 Ke7 45. Nc5 Bc4 46. Kh6 Bb5 47.
f5 gxf5 48. Kxh5 f6 49. Kg6 fxe5 50. Kxf5 Kd6 51. Ne4+ Kc6 52. h5 Bc4 53. Kxe5
Bf7 54. g4 Bg8 55. Nf6 Bf7 56. h6 Bg6 57. h7 1-0

[Event "SR 2. liga A 2014/2015"]
[Site "?"]
[Date "2014.12.07"]
[Round "6.4"]
[White "Danada, Ondrej"]
[Black "Capanda, Jan"]
[Result "0-1"]
[WhiteElo "1870"]
[BlackElo "1762"]
[PlyCount "110"]
[EventDate "2014.??.??"]

1. d4 f5 2. c4 b6 3. Nc3 Bb7 4. Bg5 Nf6 5. Bxf6 exf6 6. h4 Be7 7. Qd3 g6 8. h5
Kf7 9. O-O-O a5 10. Nh3 c6 11. f3 d5 12. cxd5 Ba6 13. Qe3 Bc8 14. Nf4 g5 15.
Nh3 cxd5 16. f4 g4 17. Nf2 Re8 18. Qd3 Na6 19. g3 Nb4 20. Qb1 Na6 21. Bg2 Nc7
22. Qd3 Rb8 23. a4 Qd7 24. Rd2 Ba6 25. Qb1 Bb4 26. Nfd1 b5 27. axb5 Bxb5 28.
Rc2 Bc4 29. Qa1 Bb3 30. Rd2 a4 31. Rd3 Bc4 32. Re3 Ra8 33. Qb1 Rec8 34. Na2 Ba5
35. Ndc3 Nb5 36. Rd1 Bb6 37. Nb4 Ba5 38. Nc2 Nxc3 39. bxc3 Rab8 40. Qa1 Rb3 41.
Kd2 Ba6 42. Bxd5+ Qxd5 43. Qxa4 Rbxc3 44. Rxc3 Rxc3 45. Kc1 Rc7 46. Kb1 Bxe2
47. Re1 Rxc2 48. Qxc2 Qb5+ 49. Kc1 Bxe1 50. Qc7+ Ke8 51. Qc8+ Ke7 52. Qc7+ Qd7
53. Qc5+ Kf7 54. d5 Bxg3 55. Qe3 Bf3 0-1

[Event "SR 2. liga A 2014/2015"]
[Site "?"]
[Date "2014.12.07"]
[Round "6.5"]
[White "Cibulka, Vladimir"]
[Black "Janos, Martin"]
[Result "0-1"]
[WhiteElo "2207"]
[BlackElo "2215"]
[PlyCount "150"]
[EventDate "2014.??.??"]

1. d4 Nf6 2. Nf3 g6 3. Bf4 c5 4. c3 Qb6 5. Qb3 Nc6 6. e3 d6 7. Nbd2 cxd4 8.
Qxb6 axb6 9. exd4 Nd5 10. Bg3 Bh6 11. Bc4 Nc7 12. O-O b5 13. Bb3 Na5 14. Bc2
Be6 15. Rfe1 Kd7 16. Bd3 Nc4 17. Nxc4 bxc4 18. Bc2 Ra5 19. h3 Bf5 20. Bxf5+
Rxf5 21. Re2 Rb5 22. Nh2 f5 23. Rae1 Nd5 24. Nf3 Re8 25. Bh4 e6 26. Bg5 Bxg5
27. Nxg5 Nf4 28. Rd2 Re7 29. g3 Nd3 30. Ree2 e5 31. dxe5 dxe5 32. b4 Rd5 33.
Nf3 Kd6 34. a4 Re8 35. Rd1 Nxb4 36. Rb1 Nc6 37. Rxb7 Rd3 38. Re3 Rxe3 39. fxe3
Ra8 40. Rxh7 Rxa4 41. Rg7 Ra3 42. Rxg6+ Kd5 43. h4 Rxc3 44. h5 Ra3 45. h6 c3
46. Ne1 Ra8 47. h7 Rh8 48. Rh6 Nb4 49. Rh2 c2 50. Nxc2 Nxc2 51. Rxc2 Rxh7 52.
Kg2 Ke4 53. Re2 Kd3 54. Re1 Ke4 55. Re2 Rc7 56. Kf2 Kd3 57. Ra2 e4 58. Ra5 Rc2+
59. Kg1 Kxe3 60. Rxf5 Rc4 61. Rf8 Ke2 62. Rf2+ Kd3 63. Rf8 e3 64. Rd8+ Ke2 65.
Kg2 Ke1 66. Kf3 e2 67. g4 Kf1 68. Rh8 Rc3+ 69. Kf4 Kg2 70. Re8 Rf3+ 71. Kg5 Kf2
72. Rxe2+ Kxe2 73. Kh6 Rh3+ 74. Kg6 Kf3 75. g5 Kg4 0-1

[Event "SR 2. liga A 2014/2015"]
[Site "?"]
[Date "2014.12.07"]
[Round "6.5"]
[White "Certek, Pavel"]
[Black "Takacs, Laszlo"]
[Result "1/2-1/2"]
[WhiteElo "2267"]
[BlackElo "2110"]
[PlyCount "57"]
[EventDate "2014.??.??"]

1. d4 Nf6 2. Nf3 g6 3. g3 Bg7 4. Bg2 O-O 5. O-O d6 6. b3 c5 7. Bb2 cxd4 8. Nxd4
Qb6 9. c4 Nc6 10. Nc2 Bd7 11. Nc3 Ne5 12. Ne3 Bc6 13. Ned5 Nxd5 14. Nxd5 Qd8
15. Qd2 e6 16. Ne3 Bxg2 17. Kxg2 Qb6 18. Rad1 Rfd8 19. f4 Nd7 20. Bxg7 Kxg7 21.
Qd4+ Qxd4 22. Rxd4 Nf6 23. Rfd1 Ne8 24. Nc2 Kf8 25. e4 Ke7 26. Kf3 Rac8 27.
R4d2 a6 28. Ne3 h5 29. h3 1/2-1/2

[Event "SR 2. liga A 2014/2015"]
[Site "?"]
[Date "2014.12.07"]
[Round "6.5"]
[White "Veselsky, Jozef"]
[Black "Janos, Jozef"]
[Result "1/2-1/2"]
[WhiteElo "2133"]
[BlackElo "2151"]
[PlyCount "112"]
[EventDate "2014.??.??"]

1. d4 Nf6 2. Nf3 g6 3. c4 Bg7 4. Nc3 d5 5. Bg5 Ne4 6. Bh4 Nxc3 7. bxc3 c5 8. e3
Nc6 9. cxd5 Qxd5 10. Qb3 Qxb3 11. axb3 cxd4 12. cxd4 Be6 13. Bc4 Bxc4 14. bxc4
e5 15. Rb1 exd4 16. exd4 Nxd4 17. Nxd4 Bxd4 18. O-O O-O 19. Rxb7 Rfc8 20. Rc1
Rc6 21. Rd7 Bb6 22. Rd2 Rac8 23. Rdc2 Bc5 24. Bg5 Re8 25. Kf1 f6 26. Bd2 Kf7
27. Rb1 h5 28. Rb7+ Re7 29. Rxe7+ Kxe7 30. Ke2 Re6+ 31. Kf3 Re5 32. Bf4 Rf5 33.
Ke4 Bb6 34. Ra2 Rc5 35. Kd3 Rc6 36. Bb8 a5 37. Bf4 Rc8 38. f3 Rd8+ 39. Kc3 g5
40. Bd2 Ra8 41. Kb3 g4 42. Ka4 Bc7 43. Kb5 Bxh2 44. Bxa5 Ke6 45. fxg4 hxg4 46.
c5 Rb8+ 47. Bb6 f5 48. Re2+ Kd5 49. Rd2+ Ke4 50. Ka6 Bg1 51. Ka7 Rxb6 52. cxb6
Bxb6+ 53. Kxb6 f4 54. Kc5 Ke3 55. Rd7 f3 56. gxf3 gxf3 1/2-1/2

[Event "SR 2. liga A 2014/2015"]
[Site "?"]
[Date "2014.12.07"]
[Round "6.5"]
[White "Fabry, Robert"]
[Black "Kalmar, Tamas"]
[Result "1/2-1/2"]
[WhiteElo "2129"]
[BlackElo "1966"]
[PlyCount "34"]
[EventDate "2014.??.??"]

1. e4 c6 2. d4 d5 3. exd5 cxd5 4. c4 Nf6 5. Nc3 Nc6 6. Bg5 Qa5 7. Qd2 Be6 8. c5
g6 9. Bxf6 exf6 10. g3 Bg7 11. Bg2 O-O 12. Nge2 f5 13. O-O b6 14. cxb6 axb6 15.
Rfd1 Rfd8 16. Qc2 Rac8 17. Qb3 Qa6 1/2-1/2

[Event "SR 2. liga A 2014/2015"]
[Site "?"]
[Date "2014.12.07"]
[Round "6.5"]
[White "Meszaros, Lorant"]
[Black "Slapak, Zdenek"]
[Result "1/2-1/2"]
[WhiteElo "2071"]
[BlackElo "2091"]
[PlyCount "47"]
[EventDate "2014.??.??"]

1. d4 Nf6 2. c4 e6 3. g3 c5 4. d5 exd5 5. cxd5 d6 6. Nc3 Be7 7. Bg2 O-O 8. Nf3
Na6 9. O-O Rb8 10. a4 Nb4 11. Nd2 b6 12. Nc4 a6 13. a5 b5 14. Nb6 Nd7 15. Nxc8
Qxc8 16. Qb3 Ne5 17. Ne4 Nc4 18. Nd2 Qg4 19. Bf3 Qd4 20. Rd1 Rfd8 21. Ne4 Qe5
22. Nd2 Qd4 23. Ne4 Qe5 24. Nd2 1/2-1/2

[Event "SR 2. liga A 2014/2015"]
[Site "?"]
[Date "2014.12.07"]
[Round "6.5"]
[White "Mikulas, Dusan"]
[Black "Darazs, Zoltan"]
[Result "0-1"]
[WhiteElo "2073"]
[BlackElo "2128"]
[PlyCount "54"]
[EventDate "2014.??.??"]

1. e4 e5 2. Nf3 Nc6 3. Bb5 a6 4. Ba4 Nf6 5. O-O Be7 6. Re1 b5 7. Bb3 O-O 8. a4
Bb7 9. Nc3 Nd4 10. Nxd4 exd4 11. Nd5 Nxd5 12. Bxd5 Bxd5 13. exd5 Bd6 14. axb5
axb5 15. Rxa8 Qxa8 16. Qf3 c5 17. dxc6 dxc6 18. Qe4 c5 19. d3 Qxe4 20. dxe4 c4
21. Bd2 Ra8 22. Kf1 Ra2 23. Bc1 Bc5 24. Re2 d3 25. cxd3 cxd3 26. Re1 Bb4 27.
Rd1 Ra1 0-1

[Event "SR 2. liga A 2014/2015"]
[Site "?"]
[Date "2014.12.07"]
[Round "6.5"]
[White "Szitasi, Janos"]
[Black "Kolman, Richard"]
[Result "1-0"]
[WhiteElo "1943"]
[BlackElo "2029"]
[PlyCount "129"]
[EventDate "2014.??.??"]

1. e4 d6 2. d4 Nf6 3. Nc3 c6 4. Nf3 Bg4 5. Bc4 e6 6. Bg5 Be7 7. e5 dxe5 8. dxe5
Nd5 9. Bxe7 Qxe7 10. Bxd5 exd5 11. Qd4 Bxf3 12. gxf3 Nd7 13. O-O-O O-O-O 14. f4
Kb8 15. Kb1 Rhe8 16. Qd3 g6 17. Qg3 Nc5 18. h4 h5 19. Rhe1 Ne6 20. Ne2 Ng7 21.
Nd4 c5 22. Nf3 Nf5 23. Qg5 Qxg5 24. Nxg5 Re7 25. Ne4 b6 26. Nf6 d4 27. Rh1 Kc7
28. c4 Kc6 29. a4 a6 30. Rd3 b5 31. Rc1 bxc4 32. Rxc4 Nxh4 33. b4 Nf5 34. Rxc5+
Kb7 35. Ne4 Rc7 36. Kb2 Rxc5 37. Nxc5+ Kb6 38. Kb3 a5 39. Kc4 axb4 40. Kxb4 Kc6
41. Kc4 Ra8 42. Ra3 Ng7 43. a5 Ne6 44. Nxe6 fxe6 45. Kxd4 Kb5 46. Rb3+ Kc6 47.
Rb6+ Kd7 48. Rb7+ Ke8 49. Rg7 Rxa5 50. Rxg6 Ra4+ 51. Ke3 Kf7 52. Rh6 Ra3+ 53.
Ke2 Rh3 54. Kf1 Rh4 55. Rf6+ Ke7 56. Kg2 Kd7 57. Kg3 Rh1 58. f3 Ke7 59. Rh6 Kd7
60. f5 exf5 61. Kf4 Rh3 62. Rf6 Rh1 63. Kxf5 h4 64. Rh6 h3 65. f4 1-0

[Event "SR 2. liga A 2014/2015"]
[Site "?"]
[Date "2014.12.07"]
[Round "6.5"]
[White "Kuna, Vladimir"]
[Black "Ollos, Ladislav"]
[Result "1-0"]
[WhiteElo "1989"]
[BlackElo "1820"]
[PlyCount "81"]
[EventDate "2014.??.??"]

1. d4 d5 2. Nf3 Nf6 3. c4 e6 4. Bg5 Nbd7 5. Nc3 Be7 6. e3 O-O 7. Rc1 c6 8. Bd3
a6 9. O-O Re8 10. cxd5 exd5 11. Qc2 h6 12. Bh4 Nh5 13. Bxe7 Qxe7 14. Na4 Nhf6
15. Nc5 Nxc5 16. Qxc5 Qxc5 17. Rxc5 Be6 18. h3 Ne4 19. Rc2 Bf5 20. g4 Be6 21.
Bxe4 dxe4 22. Nd2 f5 23. gxf5 Bxf5 24. Kg2 Be6 25. a3 Re7 26. Nc4 Bxc4 27. Rxc4
Rf8 28. Rc5 Rf6 29. Rfc1 Kf7 30. a4 g5 31. b4 Kg6 32. a5 Ref7 33. R1c2 Rd7 34.
Re5 Rd5 35. Rxe4 Kf5 36. Re7 Re6 37. Rxb7 Ke4 38. Rc3 Rf5 39. Rc7 Kd5 40. Rc5+
Ke4 41. R7xc6 1-0

[Event "SR 2. liga A 2014/2015"]
[Site "?"]
[Date "2014.12.07"]
[Round "6.6"]
[White "Cech, Dominik"]
[Black "Balogh, Tomas"]
[Result "1/2-1/2"]
[WhiteElo "2119"]
[BlackElo "2358"]
[PlyCount "36"]
[EventDate "2014.??.??"]

1. e4 c6 2. d4 d5 3. exd5 cxd5 4. Bd3 Nc6 5. c3 Nf6 6. Bf4 Bg4 7. Qb3 Qc8 8.
Nd2 e6 9. Ngf3 Be7 10. O-O O-O 11. Rae1 Bh5 12. Ne5 Nxe5 13. Bxe5 Nd7 14. Bg3
Bg6 15. Bxg6 hxg6 16. h4 a6 17. Qd1 Qc6 18. Nf3 Bf6 1/2-1/2

[Event "SR 2. liga A 2014/2015"]
[Site "?"]
[Date "2014.12.07"]
[Round "6.6"]
[White "Janko, Michal"]
[Black "Karas, Marek"]
[Result "1/2-1/2"]
[WhiteElo "2280"]
[BlackElo "2170"]
[PlyCount "26"]
[EventDate "2014.??.??"]

1. d4 Nf6 2. c4 e6 3. Nf3 Bb4+ 4. Nbd2 d5 5. e3 O-O 6. a3 Be7 7. Bd3 b6 8. O-O
c5 9. b3 Bb7 10. Bb2 Nbd7 11. Qe2 Ne4 12. Rfd1 f5 13. Nf1 Qe8 1/2-1/2

[Event "SR 2. liga A 2014/2015"]
[Site "?"]
[Date "2014.12.07"]
[Round "6.6"]
[White "Todor, Razvan"]
[Black "Slacky, Stanislav"]
[Result "0-1"]
[WhiteElo "2151"]
[BlackElo "2191"]
[PlyCount "46"]
[EventDate "2014.??.??"]

1. e4 Nc6 2. Nf3 f5 3. exf5 d5 4. Bb5 Bxf5 5. Ne5 Qd6 6. d4 Nf6 7. O-O Nd7 8.
Bf4 Ncxe5 9. Bxe5 Qb4 10. Bxd7+ Kxd7 11. Nc3 e6 12. Qc1 Bd6 13. a3 Qc4 14. Qe3
Bxc2 15. Bxg7 Rhg8 16. Be5 Bxe5 17. Qxe5 Raf8 18. Rfe1 Rg6 19. Rac1 Rf5 20. Qh8
Rh5 21. Rxc2 Qd3 22. Nxd5 Rxg2+ 23. Kxg2 Qh3+ 0-1

[Event "SR 2. liga A 2014/2015"]
[Site "?"]
[Date "2014.12.07"]
[Round "6.6"]
[White "Dujava, Daniel"]
[Black "Vrbova, Niki"]
[Result "1/2-1/2"]
[WhiteElo "2078"]
[BlackElo "2139"]
[PlyCount "28"]
[EventDate "2014.??.??"]

1. e4 c5 2. Nf3 Nc6 3. Nc3 e6 4. d4 cxd4 5. Nxd4 Bb4 6. Be2 Nf6 7. O-O O-O 8.
Qd3 Qa5 9. Bd2 Nxd4 10. Qxd4 e5 11. Qd3 Rd8 12. a3 Bxc3 13. Qxc3 Qxc3 14. Bxc3
d6 1/2-1/2

[Event "SR 2. liga A 2014/2015"]
[Site "?"]
[Date "2014.12.07"]
[Round "6.6"]
[White "Petrik, Stanislav"]
[Black "Pytlik, Pavol"]
[Result "0-1"]
[WhiteElo "2147"]
[BlackElo "2027"]
[PlyCount "94"]
[EventDate "2014.??.??"]

1. e4 e6 2. c4 c5 3. Nc3 Nc6 4. Nf3 e5 5. Nd5 d6 6. d3 Nf6 7. Nxf6+ Qxf6 8. Be2
g6 9. Bg5 Qe6 10. O-O Bg7 11. Qd2 O-O 12. Bh6 Bxh6 13. Qxh6 Qf6 14. h3 Qg7 15.
Qd2 f5 16. a3 a5 17. Bd1 a4 18. Rb1 h6 19. b4 axb3 20. Rxb3 Kh7 21. a4 Nb4 22.
Ra3 f4 23. Nh2 Bd7 24. Kh1 Ra7 25. Rg1 Qf7 26. Bb3 Rfa8 27. Rga1 b6 28. Bd1 Qe8
29. d4 exd4 30. Qxf4 Qe5 31. Qf7+ Qg7 32. Qf4 d3 33. Qxd6 Nc2 34. Bxc2 dxc2 35.
Qd2 Rxa4 36. Rxa4 Rxa4 37. Rc1 Rxc4 38. Nf3 Ba4 39. e5 Qd7 40. Qe3 Qb7 41. Qd3
Rb4 42. Re1 Bc6 43. e6 Bxf3 44. gxf3 Rd4 45. Qe2 Qe7 46. Qxc2 Rh4 47. Kh2 Rd4
0-1

[Event "SR 2. liga A 2014/2015"]
[Site "?"]
[Date "2014.12.07"]
[Round "6.6"]
[White "Puchovsky, Ladislav"]
[Black "Danada, Tomas"]
[Result "1/2-1/2"]
[WhiteElo "1949"]
[BlackElo "2118"]
[PlyCount "32"]
[EventDate "2014.??.??"]

1. d4 g6 2. c4 Bg7 3. Nc3 c5 4. e3 Nf6 5. Nf3 O-O 6. Be2 cxd4 7. exd4 d5 8. O-O
dxc4 9. Bxc4 Bg4 10. Be2 Nc6 11. Be3 e6 12. Qd2 Nd5 13. h3 Bxf3 14. Bxf3 Rc8
15. Nxd5 exd5 16. Rac1 Qd6 1/2-1/2

[Event "SR 2. liga A 2014/2015"]
[Site "?"]
[Date "2014.12.07"]
[Round "6.6"]
[White "Petrik, Karol"]
[Black "Prochazka, Jaromir"]
[Result "1/2-1/2"]
[WhiteElo "2072"]
[BlackElo "1945"]
[PlyCount "138"]
[EventDate "2014.??.??"]

1. d4 Nf6 2. Nf3 e6 3. g3 d5 4. Bg2 c5 5. O-O Nc6 6. b3 Bd7 7. Bb2 cxd4 8. Nxd4
Bc5 9. e3 O-O 10. Nd2 Re8 11. Qe2 e5 12. Nxc6 Bxc6 13. Nf3 Qc7 14. c3 Rad8 15.
Rfd1 a5 16. Rac1 Ne4 17. Nd2 Nf6 18. Qd3 Qe7 19. Qc2 Rc8 20. Qd3 Red8 21. Qe2
Ba3 22. Bxa3 Qxa3 23. Nf3 Qe7 24. c4 dxc4 25. Rxd8+ Rxd8 26. Qxc4 Nd7 27. Qc3
Qa3 28. Ng5 Bxg2 29. Kxg2 Qe7 30. h4 h6 31. Nf3 f6 32. Qxa5 Nf8 33. Rc7 Rd7 34.
Rxd7 Qxd7 35. Qc5 Ne6 36. Qc4 Kf7 37. Ne1 b5 38. Qe4 Nc5 39. Qa8 e4 40. Nc2 Kg6
41. Nd4 b4 42. a3 bxa3 43. Qxa3 Nd3 44. Qa8 Qg4 45. Qa5 h5 46. Qd2 Qc8 47. b4
Qa8 48. b5 Qa1 49. Qe2 f5 50. f3 Ne1+ 51. Kh3 Nd3 52. Kh2 Ne5 53. fxe4 fxe4 54.
Qg2 Ng4+ 55. Kh3 Qb1 56. Nc2 Nf6 57. Qh2 Qxb5 58. Nd4 Qd7+ 59. Kg2 Nd5 60. Kg1
Qf7 61. Qe2 Qd7 62. Qa2 Qg4 63. Qf2 Nf6 64. Qf4 Qd7 65. Qg5+ Kf7 66. Nf5 Qd1+
67. Kg2 Qd2+ 68. Kh3 g6 69. Nh6+ Kg7 1/2-1/2

[Event "SR 2. liga A 2014/2015"]
[Site "?"]
[Date "2014.12.07"]
[Round "6.6"]
[White "Gremen, Tomas"]
[Black "Krajnak, Robert"]
[Result "1/2-1/2"]
[WhiteElo "1891"]
[BlackElo "2103"]
[PlyCount "31"]
[EventDate "2014.??.??"]

1. a3 g6 2. g3 Bg7 3. Bg2 c5 4. c4 Nc6 5. Nc3 e6 6. d3 Nge7 7. Bf4 d5 8. cxd5
exd5 9. Nf3 O-O 10. O-O Re8 11. Nb5 Rf8 12. Nc7 Rb8 13. Nb5 Ra8 14. Nc7 Rb8 15.
Nb5 Ra8 16. Nc7 1/2-1/2

[Event "SR 2. liga A 2014/2015"]
[Site "?"]
[Date "2015.02.01"]
[Round "7.1"]
[White "Rohacek, Miroslav"]
[Black "Klemanic, Emil"]
[Result "1-0"]
[WhiteElo "2272"]
[BlackElo "2160"]
[PlyCount "85"]
[EventDate "2014.??.??"]

1. e4 d6 2. d4 Nf6 3. Nc3 e5 4. Nf3 Nbd7 5. Bc4 Be7 6. O-O O-O 7. Re1 c6 8. a4
Qc7 9. Ba2 b6 10. h3 a6 11. Bg5 Rb8 12. dxe5 Nxe5 13. Nxe5 dxe5 14. Qf3 h6 15.
Be3 Nh7 16. Rad1 Bg5 17. Rd3 Bxe3 18. Rexe3 Ng5 19. Qh5 Be6 20. h4 Nh7 21. Bxe6
fxe6 22. Rd2 Rbd8 23. Red3 Rxd3 24. Rxd3 Nf6 25. Qd1 b5 26. Qe2 Rd8 27. Kf1 Rd4
28. Qd1 b4 29. Rxd4 exd4 30. Ne2 c5 31. Qd3 Qc6 32. f3 Kf7 33. Qc4 Qd6 34. g3
g5 35. hxg5 hxg5 36. Kg2 a5 37. Nc1 g4 38. Nd3 Nh5 39. f4 Qf8 40. Nxc5 Qh6 41.
Nd3 Nxg3 42. Ne5+ Kg8 43. Qc8+ 1-0

[Event "SR 2. liga A 2014/2015"]
[Site "?"]
[Date "2015.02.01"]
[Round "7.1"]
[White "Gabris, Ondrej"]
[Black "Maslikova, Veronika"]
[Result "1-0"]
[WhiteElo "2251"]
[BlackElo "2234"]
[PlyCount "109"]
[EventDate "2014.??.??"]

1. e4 c5 2. Nc3 Nc6 3. f4 d6 4. Nf3 g6 5. Bb5 Bg7 6. O-O a6 7. Bxc6+ bxc6 8. d3
Rb8 9. h3 Qa5 10. Qe1 d5 11. e5 e6 12. b3 Qb4 13. Bd2 Qb6 14. Na4 Qa7 15. c4
Bd7 16. Qf2 d4 17. Ng5 Bf8 18. Rae1 Be7 19. Ne4 h5 20. g3 Nh6 21. Qe2 Kd8 22.
g4 hxg4 23. hxg4 Kc7 24. Ba5+ Kb7 25. Bb6 Qa8 26. Bxc5 Bxc5 27. Naxc5+ Kc7 28.
Kg2 Rbg8 29. Rh1 Qd8 30. Nf6 Nf5 31. gxf5 gxf5+ 32. Kf3 Rxh1 33. Rxh1 Rh8 34.
Qd2 Bc8 35. Rxh8 Qxh8 36. Qa5+ Kb8 37. Qb6+ Ka8 38. Qxc6+ Ka7 39. Qc7+ Ka8 40.
Kg2 Qg7+ 41. Kf1 Qh8 42. Qc6+ Ka7 43. Nfd7 Qh3+ 44. Qg2 Qe3 45. Qf2 Qc1+ 46.
Kg2 Qc3 47. Nf6 Qa1 48. Ne8 Kb6 49. Na4+ Ka7 50. Nd6 Bd7 51. Qf3 Qxa2+ 52. Kg3
Qxb3 53. Nc5 Qb1 54. Nxd7 Qg1+ 55. Kh3 1-0

[Event "SR 2. liga A 2014/2015"]
[Site "?"]
[Date "2015.02.01"]
[Round "7.1"]
[White "Kralovic, Andrej"]
[Black "Madar, Martin"]
[Result "1-0"]
[WhiteElo "2172"]
[BlackElo "2174"]
[PlyCount "67"]
[EventDate "2014.??.??"]

1. e4 d5 2. exd5 Nf6 3. Nf3 Nxd5 4. d4 g6 5. Be2 Bg7 6. O-O O-O 7. Re1 Nc6 8.
c3 h6 9. Na3 Re8 10. Nc4 Bg4 11. h3 Bxf3 12. Bxf3 e6 13. a4 Qd7 14. a5 Rad8 15.
Qb3 b6 16. axb6 axb6 17. Ne5 Bxe5 18. dxe5 Kg7 19. Qc4 Nce7 20. h4 Ra8 21. Rxa8
Rxa8 22. Qg4 Ra4 23. c4 h5 24. Qe4 Nb4 25. Bg5 c5 26. Rd1 Qc7 27. b3 Ra7 28.
Qf4 Nf5 29. Bf6+ Kh7 30. Rd8 Ra1+ 31. Kh2 Qxd8 32. Bxd8 Nd3 33. Qd2 Nxe5 34.
Bf6 1-0

[Event "SR 2. liga A 2014/2015"]
[Site "?"]
[Date "2015.02.01"]
[Round "7.1"]
[White "Janos, Ivan"]
[Black "Machalova, Maria"]
[Result "0-1"]
[WhiteElo "2171"]
[BlackElo "2096"]
[PlyCount "132"]
[EventDate "2014.??.??"]

1. e4 c5 2. Nf3 Nc6 3. d4 cxd4 4. Nxd4 g6 5. c4 Bg7 6. Nc2 Nf6 7. Nc3 O-O 8.
Be2 d6 9. Be3 a5 10. O-O Nb4 11. Nd4 Nc6 12. Rc1 Nxd4 13. Bxd4 Bd7 14. Qd3 Bc6
15. Rfd1 Nd7 16. Bxg7 Kxg7 17. Nd5 Bxd5 18. cxd5 Nc5 19. Qd4+ Kg8 20. Rc3 Qb6
21. Rh3 Qb4 22. Qe3 Qxb2 23. Rd4 Qa1+ 24. Bf1 f6 25. e5 fxe5 26. Qh6 Rf7 27.
Rc4 b6 28. Rg3 e4 29. Rgc3 Qxa2 30. f3 Raf8 31. Rc2 Qa1 32. R4c3 exf3 33. g3
f2+ 34. Kg2 Qd1 35. Rd2 Qg4 36. Re3 a4 37. h3 Qb4 38. Rde2 Qd4 39. Rxe7 Qxd5+
40. Kh2 Nd7 41. R2e6 Rxe7 42. Rxe7 Rf7 43. Re8+ Nf8 44. Qe3 b5 45. Rb8 Rf3 46.
Qe2 Rf5 47. Qb2 Qd1 48. Rb7 Rf7 49. Rxf7 Kxf7 50. Qxf2+ Ke7 51. Bxb5 Ne6 52.
Qa7+ Kf6 53. Qf2+ Ke5 54. Qe3+ Kd5 55. Bd3 Nc5 56. Be2 Qc2 57. Kg1 Qb3 58. Bf3+
Kc4 59. Be2+ Kb4 60. Qd4+ Ka3 61. Qxd6 Qc3 62. Kf1 Kb2 63. Qb6+ Nb3 64. Ba6
Qc1+ 65. Kf2 a3 66. Qb4 Qd2+ 0-1